Tight End prospects of the 2025 NFL Draft - Statistics

General Stats
  • This quiz has been taken 40 times
    26 since last reset
  • The average score is 7 of 23
Answer Stats
Position College Name % Correct
TE Michigan Colston Loveland
93%
TE Penn St. Tyler Warren
87%
TE Bowling Green Harold Fannin Jr.
80%
TE LSU Mason Taylor
67%
TE Oregon Terrance Ferguson
53%
TE Miami (FL) Elijah Arroyo
47%
TE Texas Gunnar Helm
40%
TE Clemson Jake Briningstool
33%
TE Notre Dame Mitchell Evans
27%
TE Nebraska Thomas Fidone II.
27%
TE Alabama CJ Dippre
20%
TE Pittsburgh Gavin Bartholomew
20%
TE Georgia Tech Jackson Hawes
20%
TE Syracuse Oronde Gadsden II.
20%
TE Georgia Ben Yurosek
13%
TE Utah Brant Kuithe
13%
TE North Carolina Bryson Nesbit
13%
TE Washington Keleki Latu
13%
TE Iowa Luke Lachey
13%
TE UCLA Moliki Matavao
13%
TE Alabama Robbie Ouzts
13%
TE Texas Tech Jalin Conyers
7%
TE South Carolina Joshua Simon
7%
No matching quizzes found
Score Distribution
Percent of People with Each Score
Percentile by Number Answered
Your Score History
You have not taken this quiz since the last reset